[Event "II. CLANSKA LIGA ZAHOD 2021"]
[Site "Komenda"]
[Date "2021.12.04"]
[Round "5.5"]
[White "Cvetkov, Risto"]
[Black "Turkovic, Igor"]
[Result "0-1"]
[WhiteElo "1927"]
[BlackElo "1782"]
[PlyCount "90"]
[EventDate "2021.12.04"]
[WhiteTeam "SD SIJ ACRONI JESENICE"]
[BlackTeam "SK DOLENJSKE TOPLICE"]

1. d4 Nf6 2. c4 c5 3. e3 g6 4. Nf3 Bg7 5. Nc3 cxd4 6. exd4 O-O 7. Bd3 d5 8. c5
b6 9. O-O Bb7 10. Be3 bxc5 11. dxc5 Nc6 12. Bb5 e6 13. a3 Qc7 14. h3 Rfd8 15.
Bg5 Ne7 16. Na4 Qa5 17. Qe2 a6 18. c6 Nxc6 19. Bxc6 Bxc6 20. Nc3 Rdc8 21. Rfc1
Rab8 22. Bf4 Rb7 23. Ne5 Be8 24. b4 Qb6 25. Kh2 Nd7 26. Nxd5 exd5 27. Rxc8 Qe6
28. Re1 Nxe5 29. Bxe5 Qxc8 30. Bxg7 Kxg7 31. Qxe8 Qxe8 32. Rxe8 Rd7 33. Re3 Kf6
34. g4 d4 35. Rd3 Ke5 36. f3 Kd5 37. Kg3 Kc4 38. Rd1 d3 39. Kf4 Re7 40. a4 Kc3
41. b5 axb5 42. axb5 Kc2 43. Ra1 d2 44. h4 d1=Q 45. Rxd1 Kxd1 0-1

[Event "II. CLANSKA LIGA ZAHOD 2021"]
[Site "Komenda"]
[Date "2021.12.04"]
[Round "5.6"]
[White "Voglar, Peter"]
[Black "Kokalj, Janez"]
[Result "1-0"]
[WhiteElo "2046"]
[BlackElo "1864"]
[PlyCount "93"]
[EventDate "2021.12.04"]
[WhiteTeam "SK DOLENJSKE TOPLICE"]
[BlackTeam "SD SIJ ACRONI JESENICE"]

1. c4 e5 2. Nc3 Bb4 3. Nd5 Be7 4. g3 c6 5. Nc3 Nf6 6. Bg2 O-O 7. d4 exd4 8.
Qxd4 Na6 9. Bf4 Nc7 10. e4 Ne6 11. Qd2 Bb4 12. Nge2 Nc5 13. Qc2 Re8 14. O-O Nh5
15. Be3 d6 16. Rfd1 Qe7 17. a3 Bxc3 18. Nxc3 Ne6 19. Rd2 c5 20. Rad1 a6 21. f4
Nf6 22. h3 Rb8 23. f5 Nc7 24. Bf4 Rd8 25. Rxd6 Re8 26. R6d3 Nh5 27. Bd6 Qd7 28.
Qf2 b6 29. g4 Nf6 30. e5 Nxg4 31. hxg4 Bb7 32. Bxc5 Qc8 33. Bd6 Bxg2 34. Qxg2
b5 35. cxb5 axb5 36. Qc6 Rb7 37. Rc1 Na8 38. Nd5 Qd7 39. Qxd7 Rxd7 40. Rc6 h6
41. Rdc3 Kh7 42. f6 Rdd8 43. fxg7 Kxg7 44. Nf4 Kh7 45. Kf2 Rg8 46. Kf3 Rg5 47.
Be7 1-0

[Event "II. CLANSKA LIGA ZAHOD 2021"]
[Site "Komenda"]
[Date "2021.12.04"]
[Round "5.1"]
[White "Leonardi, Caterina"]
[Black "Markun, Ozbej"]
[Result "1/2-1/2"]
[WhiteElo "1994"]
[BlackElo "1929"]
[PlyCount "118"]
[EventDate "2021.12.04"]
[WhiteTeam "SK KOMENDA"]
[BlackTeam "SS TOMO ZUPAN KRANJ"]

1. Nf3 d5 2. g3 Nf6 3. Bg2 e6 4. O-O Be7 5. c4 O-O 6. b3 b6 7. Bb2 Bb7 8. d4 c5
9. cxd5 exd5 10. Nbd2 Nc6 11. dxc5 bxc5 12. Re1 Qb6 13. e4 dxe4 14. Nxe4 Rfd8
15. Qc1 Nb4 16. Nxf6+ Bxf6 17. Bxf6 Qxf6 18. Ne5 Bxg2 19. Kxg2 Re8 20. Qxc5 Nc2
21. Qxc2 Rxe5 22. Rxe5 Qxe5 23. Rd1 Qe7 24. Qc6 Rd8 25. Rxd8+ Qxd8 26. Qb7 a5
27. b4 axb4 28. Qxb4 Qd5+ 29. Kf1 g6 30. a4 Qd1+ 31. Kg2 Qd5+ 32. f3 Qa2+ 33.
Kh3 Qe6+ 34. Qg4 Qa6 35. Qe4 Qf1+ 36. Kh4 Qa6 37. Qe8+ Kg7 38. Qe5+ Kg8 39. a5
Qc4+ 40. Kg5 Qc1+ 41. f4 Qc8 42. f5 Qc1+ 43. Qf4 Qc5 44. a6 Kg7 45. Kh4 gxf5
46. Kh5 Qb6 47. Qg5+ Kh8 48. Qh6 Qd8 49. Qg5 Qd1+ 50. g4 fxg4 51. Qf6+ Kg8 52.
Kh6 Kf8 53. Qg7+ Ke7 54. a7 Qd6+ 55. Kh5 Qxh2+ 56. Kg5 Qd2+ 57. Kh5 Qh2+ 58.
Kg5 Qd2+ 59. Kh5 Qh2+ 1/2-1/2

[Event "II. CLANSKA LIGA ZAHOD 2021"]
[Site "Komenda"]
[Date "2021.12.04"]
[Round "5.2"]
[White "Logar, Metod"]
[Black "Trpin, Alenka"]
[Result "1-0"]
[WhiteElo "1949"]
[BlackElo "1732"]
[PlyCount "59"]
[EventDate "2021.12.04"]
[WhiteTeam "SS TOMO ZUPAN KRANJ"]
[BlackTeam "SK KOMENDA"]

1. e4 c5 2. Nf3 Nc6 3. Nc3 d6 4. d4 cxd4 5. Nxd4 Nf6 6. Be2 e5 7. Nf3 Be7 8.
Bg5 h6 9. Bxf6 Bxf6 10. O-O O-O 11. Qd3 Nb4 12. Qd2 Be6 13. a3 Nc6 14. Rfd1 Be7
15. Nd5 Bxd5 16. Qxd5 Qc7 17. c3 Kh8 18. Nd2 Rad8 19. Nf1 f5 20. exf5 Rxf5 21.
Ng3 Rxf2 22. Kxf2 Qb6+ 23. Kf1 Rf8+ 24. Bf3 g5 25. Qe4 Rf4 26. Qg6 Rf6 27. Qe8+
Rf8 28. Qh5 Kg7 29. Qg4 Rf4 30. Nh5+ 1-0

[Event "II. CLANSKA LIGA ZAHOD 2021"]
[Site "Komenda"]
[Date "2021.12.04"]
[Round "5.3"]
[White "Perme, Metod"]
[Black "Bobnar, Samo"]
[Result "0-1"]
[WhiteElo "1309"]
[BlackElo "1542"]
[PlyCount "40"]
[EventDate "2021.12.04"]
[WhiteTeam "SK KOMENDA"]
[BlackTeam "SS TOMO ZUPAN KRANJ"]

1. e4 e5 2. Nf3 Nc6 3. Bc4 Bc5 4. d3 d6 5. O-O Na5 6. Bb5+ c6 7. Ba4 b5 8. Bb3
Nxb3 9. axb3 Bg4 10. h3 Bh5 11. Qe1 Bxf3 12. gxf3 Qh4 13. Ra6 Qg3+ 14. Kh1
Qxh3+ 15. Kg1 Qg3+ 16. Kh1 Qxf3+ 17. Kh2 Nf6 18. Qd1 Ng4+ 19. Kg1 Qg3+ 20. Kh1
Qh2# 0-1

[Event "II. CLANSKA LIGA ZAHOD 2021"]
[Site "Komenda"]
[Date "2021.12.04"]
[Round "5.4"]
[White "Smirnov, Maksim"]
[Black "Keber, Aljosa"]
[Result "1/2-1/2"]
[WhiteElo "1176"]
[BlackElo "1160"]
[PlyCount "83"]
[EventDate "2021.12.04"]
[WhiteTeam "SS TOMO ZUPAN KRANJ"]
[BlackTeam "SK KOMENDA"]

1. d4 Nf6 2. Bf4 g6 3. e3 Bg7 4. Nf3 d6 5. Be2 O-O 6. c3 c5 7. Nbd2 e6 8. h3
Nc6 9. O-O cxd4 10. exd4 d5 11. Re1 Bd7 12. Bd3 Qe7 13. Nf1 Rfc8 14. Qd2 a6 15.
Ne3 b5 16. Bg5 Qd6 17. Bxf6 Bxf6 18. Ng4 Bg7 19. Nh6+ Bxh6 20. Qxh6 Qf8 21.
Qxf8+ Kxf8 22. Ne5 Ke7 23. f4 f5 24. h4 Nxe5 25. Rxe5 h5 26. Rae1 Kf6 27. Kf2
a5 28. Rc1 Rc7 29. Re2 Rb8 30. Rec2 Bc8 31. Ke3 Rb6 32. g3 Ba6 33. Kd2 Ke7 34.
Ke3 Kd6 35. Kd2 Rcc6 36. Ke3 Ke7 37. Kd2 Kd7 38. Ke3 Rc7 39. Kd2 Rc8 40. Ke3
Rd8 41. Kd2 Rb7 42. Ke3 1/2-1/2

[Event "II. CLANSKA LIGA ZAHOD 2021"]
[Site "Komenda"]
[Date "2021.12.04"]
[Round "5.5"]
[White "Babarovic, Fran"]
[Black "Rogelj, Tomaz"]
[Result "1/2-1/2"]
[WhiteElo "1108"]
[BlackElo "1765"]
[PlyCount "66"]
[EventDate "2021.12.04"]
[WhiteTeam "SK KOMENDA"]
[BlackTeam "SS TOMO ZUPAN KRANJ"]

1. e4 c6 2. d4 d5 3. Nc3 dxe4 4. Nxe4 Bf5 5. Ng3 Bg6 6. Nf3 Nd7 7. Bf4 Ngf6 8.
Bd3 Bxd3 9. Qxd3 e6 10. O-O Be7 11. Qb3 b6 12. Rfe1 O-O 13. c3 Nd5 14. Bd2 c5
15. c4 N5f6 16. Qc3 Rc8 17. Re2 cxd4 18. Nxd4 Qc7 19. b3 a6 20. Rae1 Rfd8 21.
Ndf5 Bf8 22. Nd4 Bc5 23. Nf3 Ba3 24. b4 Bxb4 25. Qxb4 Qxc4 26. Qxc4 Rxc4 27.
Rc1 Rdc8 28. Rxc4 Rxc4 29. Bg5 Nd5 30. Rd2 h6 31. Be3 N7f6 32. Rd4 Rc3 33. Bd2
Ra3 1/2-1/2

[Event "II. CLANSKA LIGA ZAHOD 2021"]
[Site "Komenda"]
[Date "2021.12.04"]
[Round "5.6"]
[White "Bobnar, Vid"]
[Black "Perme, Stanko"]
[Result "1-0"]
[WhiteElo "1835"]
[BlackElo "1055"]
[PlyCount "55"]
[EventDate "2021.12.04"]
[WhiteTeam "SS TOMO ZUPAN KRANJ"]
[BlackTeam "SK KOMENDA"]

1. e4 e5 2. Nc3 Bc5 3. Bc4 Nc6 4. Qg4 g6 5. Qf3 Nf6 6. Nge2 d6 7. h3 Be6 8. Bb5
a6 9. Bxc6+ bxc6 10. d3 h6 11. O-O O-O 12. Bxh6 Re8 13. Bg5 Qd7 14. Qxf6 Kh7
15. Be3 Rh8 16. Bxc5 dxc5 17. f4 Bxh3 18. fxe5 Raf8 19. Kf2 Bxg2 20. Nf4 Bxf1
21. Rxf1 Kg8 22. Rg1 Qd4+ 23. Kf1 Rh2 24. Rg2 Rh1+ 25. Ke2 Kh7 26. Nxg6 Rg8 27.
Nf8+ Rxf8 28. Qg7# 1-0

[Event "II. CLANSKA LIGA ZAHOD 2021"]
[Site "Komenda"]
[Date "2021.12.04"]
[Round "6.1"]
[White "Luzar, Emil"]
[Black "Leonardi, Caterina"]
[Result "1-0"]
[WhiteElo "2128"]
[BlackElo "1994"]
[PlyCount "61"]
[EventDate "2021.12.04"]
[WhiteTeam "SK DOLENJSKE TOPLICE"]
[BlackTeam "SK KOMENDA"]

1. e4 d6 2. d4 g6 3. Nc3 Bg7 4. Bc4 Nf6 5. Qe2 O-O 6. e5 Ne8 7. e6 fxe6 8.
Bxe6+ Bxe6 9. Qxe6+ Rf7 10. Nf3 Qd7 11. Qb3 h6 12. Ne2 Nc6 13. d5 Ne5 14. Nxe5
dxe5 15. Qxb7 Rd8 16. Be3 Qg4 17. Ng3 Nd6 18. Qb3 a6 19. h3 Qh4 20. O-O Nc4 21.
Rad1 Nxe3 22. Qxe3 Qc4 23. Qb3 Rf4 24. Rfe1 Kf8 25. Ne2 Re4 26. Qf3+ Bf6 27. b3
Qxc2 28. Rc1 Rxe2 29. Qxe2 Qf5 30. Qxa6 Rxd5 31. Qa8+ 1-0

[Event "II. CLANSKA LIGA ZAHOD 2021"]
[Site "Komenda"]
[Date "2021.12.04"]
[Round "6.2"]
[White "Trpin, Alenka"]
[Black "Stubljar, Andrej"]
[Result "0-1"]
[WhiteElo "1732"]
[BlackElo "2022"]
[PlyCount "80"]
[EventDate "2021.12.04"]
[WhiteTeam "SK KOMENDA"]
[BlackTeam "SK DOLENJSKE TOPLICE"]

1. d4 d5 2. c4 e6 3. a3 Nf6 4. Nc3 Nbd7 5. Bg5 Be7 6. Nf3 O-O 7. e3 a5 8. Qb3
c6 9. Bd3 dxc4 10. Qxc4 Ra6 11. O-O b5 12. Qb3 Nc5 13. Qc2 Nxd3 14. Qxd3 Nd7
15. Bxe7 Qxe7 16. Rfc1 e5 17. h3 b4 18. axb4 axb4 19. Rxa6 bxc3 20. bxc3 e4 21.
Qc4 Bxa6 22. Qxa6 exf3 23. Qxc6 fxg2 24. Rb1 Nf6 25. Rb7 Qe6 26. Qxg2 Qc4 27.
Rb6 Nd5 28. Rd6 Nxc3 29. Rd7 h6 30. Qb7 Ne2+ 31. Kg2 Qc1 32. d5 Qg1+ 33. Kf3
Qf1 34. e4 Ng1+ 35. Ke3 Qe2+ 36. Kd4 Nf3+ 37. Kc5 Qxf2+ 38. Kd6 Qh2+ 39. Kc5
Rb8 40. Qa7 Rc8+ 0-1

[Event "II. CLANSKA LIGA ZAHOD 2021"]
[Site "Komenda"]
[Date "2021.12.04"]
[Round "6.3"]
[White "Pucelj, Joze"]
[Black "More, Erlend"]
[Result "1-0"]
[WhiteElo "2030"]
[BlackElo "1621"]
[PlyCount "37"]
[EventDate "2021.12.04"]
[WhiteTeam "SK DOLENJSKE TOPLICE"]
[BlackTeam "SK KOMENDA"]

1. e4 Nf6 2. e5 Nd5 3. d4 d6 4. c4 Nb6 5. exd6 cxd6 6. Nc3 g6 7. Be2 Bg7 8. Be3
Nc6 9. b3 Bf5 10. Rc1 O-O 11. Nf3 e5 12. d5 Ne7 13. O-O Nd7 14. b4 b6 15. Nb5
Qb8 16. c5 bxc5 17. bxc5 dxc5 18. d6 Rc8 19. dxe7 1-0

[Event "II. CLANSKA LIGA ZAHOD 2021"]
[Site "Komenda"]
[Date "2021.12.04"]
[Round "6.4"]
[White "Babarovic, Fran"]
[Black "Janko, Roman"]
[Result "0-1"]
[WhiteElo "1108"]
[BlackElo "1833"]
[PlyCount "54"]
[EventDate "2021.12.04"]
[WhiteTeam "SK KOMENDA"]
[BlackTeam "SK DOLENJSKE TOPLICE"]

1. e4 c5 2. Nc3 Nc6 3. d3 e6 4. g3 d5 5. Bg2 Nf6 6. Bf4 d4 7. Nb5 Qa5+ 8. c3
Qxb5 9. e5 Nd7 10. Qc2 Ncxe5 11. a4 Qxd3 12. Qb3 Qc4 13. Qc2 Nd3+ 14. Kd1 Nxf4
15. gxf4 dxc3 16. bxc3 Bd6 17. Nh3 Bxf4 18. Nxf4 Qxf4 19. Be4 Nf6 20. Bd3 Qf3+
21. Kd2 O-O 22. Raf1 Rd8 23. Kc1 Rxd3 24. Rd1 c4 25. Qa2 Rxc3+ 26. Kb1 Bd7 27.
Rhg1 Rb3+ 0-1

[Event "II. CLANSKA LIGA ZAHOD 2021"]
[Site "Komenda"]
[Date "2021.12.04"]
[Round "6.5"]
[White "Turkovic, Igor"]
[Black "Perme, Stanko"]
[Result "1-0"]
[WhiteElo "1782"]
[BlackElo "1055"]
[PlyCount "35"]
[EventDate "2021.12.04"]
[WhiteTeam "SK DOLENJSKE TOPLICE"]
[BlackTeam "SK KOMENDA"]

1. e4 e5 2. Nf3 Nc6 3. Bc4 Bc5 4. b4 Bxb4 5. c3 Bc5 6. d4 exd4 7. cxd4 Bb4+ 8.
Nbd2 Bc3 9. Rb1 Bxd4 10. O-O Bc5 11. e5 Nge7 12. Ne4 Bb6 13. Neg5 O-O 14. Nxh7
Kxh7 15. Ng5+ Kg8 16. Qh5 Re8 17. Qxf7+ Kh8 18. Qh5# 1-0

[Event "II. CLANSKA LIGA ZAHOD 2021"]
[Site "Komenda"]
[Date "2021.12.04"]
[Round "6.6"]
[White "Kern, Anze"]
[Black "Voglar, Peter"]
[Result "0-1"]
[WhiteElo "1500"]
[BlackElo "2046"]
[PlyCount "66"]
[EventDate "2021.12.04"]
[WhiteTeam "SK KOMENDA"]
[BlackTeam "SK DOLENJSKE TOPLICE"]

1. d4 Nf6 2. Nf3 e6 3. Bf4 Be7 4. e3 b6 5. Bd3 Bb7 6. Nbd2 d6 7. e4 h6 8. e5
Nfd7 9. O-O d5 10. c4 O-O 11. Rc1 Re8 12. cxd5 Bxd5 13. Be4 c5 14. Nb3 Bxe4 15.
dxc5 Nxc5 16. Nxc5 Qxd1 17. Rfxd1 Bxf3 18. gxf3 Bxc5 19. Rd2 Nc6 20. a3 a5 21.
Kh1 Red8 22. Rcd1 Rxd2 23. Rxd2 Rd8 24. Rc2 Rd5 25. Re2 Nd4 26. Re3 Nf5 27. Re2
Nh4 28. h3 Nxf3 29. Kg2 Nh4+ 30. Kg1 Ng6 31. Bd2 Nxe5 32. Bc3 Nd3 33. Kg2 Nf4+
0-1

[Event "II. CLANSKA LIGA ZAHOD 2021"]
[Site "Komenda"]
[Date "2021.12.04"]
[Round "6.1"]
[White "Sajn, Simon"]
[Black "Jeraj, Zlatko"]
[Result "1-0"]
[WhiteElo "2121"]
[BlackElo "1994"]
[PlyCount "73"]
[EventDate "2021.12.04"]
[WhiteTeam "SK RIMEX ILIRSKA BISTRICA"]
[BlackTeam "SD SIJ ACRONI JESENICE"]

1. d4 d5 2. Bf4 Nf6 3. e3 e6 4. Nd2 Bd6 5. Bg3 O-O 6. Ngf3 c5 7. c3 Nc6 8. Bd3
Qe7 9. Ne5 Nd7 10. f4 f5 11. Ndf3 Nf6 12. Bh4 Qc7 13. h3 Ne4 14. g4 cxd4 15.
cxd4 Bb4+ 16. Ke2 Be7 17. Rg1 Nxe5 18. dxe5 Bxh4 19. Nxh4 Qb6 20. Bxe4 fxe4 21.
Qd2 Bd7 22. Ng2 Rac8 23. Kf2 g5 24. Kg3 h6 25. Rac1 Kg7 26. h4 Rc6 27. Rxc6
bxc6 28. b4 gxh4+ 29. Nxh4 Ra8 30. f5 a5 31. f6+ Kf7 32. bxa5 Rxa5 33. Kf4 Qa7
34. Rg2 Qa6 35. Qf2 Be8 36. g5 hxg5+ 37. Rxg5 1-0

[Event "II. CLANSKA LIGA ZAHOD 2021"]
[Site "Komenda"]
[Date "2021.12.04"]
[Round "6.2"]
[White "Pazlar, Marko"]
[Black "Cibej, Marjan"]
[Result "0-1"]
[WhiteElo "2029"]
[BlackElo "2028"]
[PlyCount "156"]
[EventDate "2021.12.04"]
[WhiteTeam "SD SIJ ACRONI JESENICE"]
[BlackTeam "SK RIMEX ILIRSKA BISTRICA"]

1. Nf3 d5 2. d4 Nf6 3. g3 Bf5 4. Bg2 e6 5. O-O Be7 6. c4 c6 7. Nc3 Nbd7 8. Nd2
O-O 9. e4 dxe4 10. Ndxe4 Nxe4 11. Nxe4 Nf6 12. Re1 Nxe4 13. Bxe4 Bxe4 14. Rxe4
Bf6 15. Be3 Qa5 16. Qe2 Rad8 17. b3 Rd7 18. Rd1 Rfd8 19. Kg2 g6 20. h4 Bg7 21.
h5 Qxh5 22. Qxh5 gxh5 23. Rh4 e5 24. d5 b6 25. Rxh5 cxd5 26. cxd5 Rxd5 27. Rxd5
Rxd5 28. Rh4 f6 29. Rc4 Rd7 30. Kf3 Kf7 31. g4 Bf8 32. Ke4 Ke6 33. f4 exf4 34.
Bxf4 Bd6 35. Rc6 Ke7 36. g5 fxg5 37. Bxg5+ Kf7 38. Kf5 Be7 39. Bf4 h5 40. Rh6
Rd5+ 41. Be5 Bf8 42. Rxh5 Bg7 43. Ke4 Ra5 44. Kd4 Ke6 45. Bxg7 Rxh5 46. Kc4 Kd6
47. Bd4 Rh4 48. a4 Rg4 49. Kc3 Kd5 50. Bf6 Rg3+ 51. Kc2 Rg6 52. Bh4 Rc6+ 53.
Kd3 Rh6 54. Be7 Rh3+ 55. Kc2 Ke4 56. Bf6 Rh6 57. Bg5 Rc6+ 58. Kd2 Rg6 59. Bh4
Rh6 60. Bg5 Rh3 61. Kc2 Rf3 62. Bh6 Rg3 63. Bc1 Kf3 64. Ba3 Ke2 65. Bd6 Rg6 66.
Bb8 Rc6+ 67. Kb2 a6 68. Be5 Kd3 69. Bg7 Rg6 70. Be5 Rg2+ 71. Ka3 Kc2 72. Bc7
Rg6 73. Kb4 Rc6 74. Bd8 Rd6 75. Bc7 Rd4+ 76. Ka3 Rd3 77. a5 Rxb3+ 78. Ka2 b5
0-1

[Event "II. CLANSKA LIGA ZAHOD 2021"]
[Site "Komenda"]
[Date "2021.12.04"]
[Round "6.3"]
[White "Raspor, Gregor"]
[Black "Pavlin, Ivan"]
[Result "1-0"]
[WhiteElo "2011"]
[BlackElo "1821"]
[PlyCount "63"]
[EventDate "2021.12.04"]
[WhiteTeam "SK RIMEX ILIRSKA BISTRICA"]
[BlackTeam "SD SIJ ACRONI JESENICE"]

1. d4 d5 2. c4 e6 3. Nc3 Nf6 4. cxd5 exd5 5. Bg5 Be7 6. e3 h6 7. Bh4 O-O 8. Bd3
b6 9. Nf3 Bb7 10. O-O c5 11. Rc1 c4 12. Bb1 Nbd7 13. b3 cxb3 14. Qxb3 Re8 15.
Rfd1 a6 16. a4 Rc8 17. Bd3 Bd6 18. Bf5 g5 19. Bg3 Bxg3 20. hxg3 Rb8 21. Bxd7
Qxd7 22. Qxb6 Kg7 23. Ne5 Qe6 24. Qxe6 fxe6 25. Rb1 Ba8 26. a5 Rec8 27. Na4
Rxb1 28. Rxb1 Ne4 29. Nb6 Rd8 30. Rc1 Re8 31. Rc7+ Kg8 32. Ra7 1-0

[Event "II. CLANSKA LIGA ZAHOD 2021"]
[Site "Komenda"]
[Date "2021.12.04"]
[Round "6.4"]
[White "Ravnik, Franc"]
[Black "Solmajer, Luka"]
[Result "0-1"]
[WhiteElo "1831"]
[BlackElo "1986"]
[PlyCount "48"]
[EventDate "2021.12.04"]
[WhiteTeam "SD SIJ ACRONI JESENICE"]
[BlackTeam "SK RIMEX ILIRSKA BISTRICA"]

1. e4 c5 2. Nf3 Nc6 3. c3 d5 4. exd5 Qxd5 5. Na3 Bg4 6. Be2 e5 7. O-O e4 8. Ne1
Bxe2 9. Qxe2 O-O-O 10. Nac2 f5 11. f3 Nf6 12. Ne3 Qd7 13. fxe4 fxe4 14. a4 Bd6
15. Kh1 h5 16. d3 Bxh2 17. Rxf6 gxf6 18. Kxh2 exd3 19. Qd2 Ne5 20. b4 Ng4+ 21.
Nxg4 hxg4+ 22. Kg1 Qh7 23. Kf2 Qh4+ 24. Kf1 Rhe8 0-1

[Event "II. CLANSKA LIGA ZAHOD 2021"]
[Site "Komenda"]
[Date "2021.12.04"]
[Round "6.5"]
[White "Rolih, Miran"]
[Black "Cvetkov, Risto"]
[Result "1-0"]
[WhiteElo "1891"]
[BlackElo "1927"]
[PlyCount "39"]
[EventDate "2021.12.04"]
[WhiteTeam "SK RIMEX ILIRSKA BISTRICA"]
[BlackTeam "SD SIJ ACRONI JESENICE"]

1. e4 e5 2. Nf3 Nc6 3. Bc4 Nf6 4. O-O h6 5. d4 Bd6 6. dxe5 Nxe5 7. Nxe5 Bxe5 8.
f4 Bd6 9. e5 Bc5+ 10. Kh1 Nh7 11. Bxf7+ Kf8 12. Bg6 Qe7 13. Qd3 Kg8 14. Nc3 Nf8
15. Qc4+ Qe6 16. Qxc5 Qxg6 17. Nd5 Kh7 18. Qe7 Qe6 19. Nf6+ Kg6 20. f5+ 1-0

[Event "II. CLANSKA LIGA ZAHOD 2021"]
[Site "Komenda"]
[Date "2021.12.04"]
[Round "6.6"]
[White "Kokalj, Janez"]
[Black "Bradac, Simon"]
[Result "0-1"]
[WhiteElo "1864"]
[BlackElo "1576"]
[PlyCount "102"]
[EventDate "2021.12.04"]
[WhiteTeam "SD SIJ ACRONI JESENICE"]
[BlackTeam "SK RIMEX ILIRSKA BISTRICA"]

1. e4 c6 2. d4 d5 3. f3 Nf6 4. Nc3 e6 5. Bg5 Qb6 6. Na4 Qa5+ 7. c3 b5 8. Nc5
Bxc5 9. dxc5 b4 10. cxb4 Qxb4+ 11. Qd2 Qxd2+ 12. Bxd2 dxe4 13. Bg5 Nbd7 14. b4
Nd5 15. a3 exf3 16. Nxf3 a5 17. Rb1 axb4 18. axb4 Rb8 19. b5 Nc3 20. Rc1 Nxb5
21. Bxb5 Rxb5 22. Nd4 Rxc5 23. Rxc5 Nxc5 24. Nxc6 Bb7 25. Nb4 Bxg2 26. Rg1 Be4
27. Be3 Nd7 28. Rxg7 Bg6 29. Bh6 Ne5 30. Bf4 Ng4 31. h3 Kf8 32. Rxg6 hxg6 33.
hxg4 Rh4 34. Bd6+ Ke8 35. g5 Rg4 36. Na6 Kd7 37. Bf8 Rxg5 38. Bg7 Rb5 39. Bc3
g5 40. Nb4 Rf5 41. Nd3 Kd6 42. Ke2 Kd5 43. Ke3 g4 44. Nf4+ Kc4 45. Be1 e5 46.
Ne2 Rf3+ 47. Ke4 Kc5 48. Bd2 Kd6 49. Bb4+ Ke6 50. Nd4+ exd4 51. Kxd4 Rf4+ 0-1

[Event "II. CLANSKA LIGA ZAHOD 2021"]
[Site "Komenda"]
[Date "2021.12.04"]
[Round "6.1"]
[White "Prestrl, Jozef"]
[Black "Lever, Erwan"]
[Result "1/2-1/2"]
[WhiteElo "1843"]
[BlackElo "2228"]
[PlyCount "99"]
[EventDate "2021.12.04"]
[WhiteTeam "SD RADOVLJICA"]
[BlackTeam "SK LJUBLJANA"]

1. d4 Nf6 2. c4 e6 3. a3 d5 4. e3 a6 5. Nc3 Be7 6. Nf3 O-O 7. h3 Nbd7 8. cxd5
exd5 9. Bd3 Re8 10. O-O Bd6 11. Qc2 c5 12. dxc5 Nxc5 13. Bf5 Nce4 14. Bxc8 Rxc8
15. Qb3 Nxc3 16. bxc3 Re7 17. Bb2 Bb8 18. Rfd1 Qc7 19. Rac1 h6 20. Kf1 Re6 21.
Rd4 Ba7 22. Rb4 b5 23. a4 Bc5 24. Rf4 Rb8 25. axb5 Rxb5 26. Qc2 Qb6 27. Ba1 Ba3
28. Rd1 Bd6 29. Ra4 Ra5 30. Rxa5 Qxa5 31. c4 dxc4 32. Qxc4 Bf8 33. Bc3 Qb6 34.
Nd4 Re8 35. Ra1 Ra8 36. Qc6 Qb8 37. Nf3 Be7 38. Rxa6 Qb1+ 39. Ne1 Rd8 40. Ra8
Qf5 41. Rxd8+ Bxd8 42. Bxf6 Bxf6 43. Qe8+ Kh7 44. Qa4 g6 45. Qc4 Kg7 46. Qd3
Qa5 47. Nc2 Qa2 48. Ke2 Qb2 49. g3 Qc1 50. h4 1/2-1/2

[Event "II. CLANSKA LIGA ZAHOD 2021"]
[Site "Komenda"]
[Date "2021.12.04"]
[Round "6.2"]
[White "Persl, Bojan"]
[Black "Simnic, Franci"]
[Result "1-0"]
[WhiteElo "2073"]
[BlackElo "1712"]
[PlyCount "75"]
[EventDate "2021.12.04"]
[WhiteTeam "SK LJUBLJANA"]
[BlackTeam "SD RADOVLJICA"]

1. e4 c5 2. Nf3 d6 3. d4 cxd4 4. Nxd4 Nf6 5. Nc3 a6 6. Be2 e6 7. g4 Be7 8. g5
Nfd7 9. Rg1 O-O 10. Be3 b5 11. f4 b4 12. Na4 Bb7 13. f5 Nc5 14. Nxc5 dxc5 15.
Nb3 Qc7 16. f6 Rd8 17. Bd3 Bd6 18. e5 Bxe5 19. Qh5 Rxd3 20. cxd3 Bxb2 21. Rd1
Nd7 22. Rg3 Qe5 23. Rh3 Qf5 24. Ke2 Bg2 25. Rg3 Bd5 26. Rf1 Qg6 27. Qxg6 hxg6
28. Nxc5 Nxc5 29. Bxc5 a5 30. Ke3 Be5 31. Rg4 Bxa2 32. d4 Rc8 33. Be7 Rc3+ 34.
Kd2 Bxh2 35. Rh4 Bg3 36. Rfh1 Bxh4 37. Rxh4 Rg3 38. fxg7 {nejasno(40)} 1-0

[Event "II. CLANSKA LIGA ZAHOD 2021"]
[Site "Komenda"]
[Date "2021.12.04"]
[Round "6.3"]
[White "Kocevar, Tugomir"]
[Black "Zmavc, Mark"]
[Result "0-1"]
[WhiteElo "1826"]
[BlackElo "1891"]
[PlyCount "66"]
[EventDate "2021.12.04"]
[WhiteTeam "SD RADOVLJICA"]
[BlackTeam "SK LJUBLJANA"]

1. e4 c5 2. c3 Nf6 3. e5 Nd5 4. d4 cxd4 5. cxd4 d6 6. Nf3 Nc6 7. Be2 e6 8. O-O
Be7 9. Nc3 Nxc3 10. bxc3 dxe5 11. dxe5 Qa5 12. Qb3 Nxe5 13. Nxe5 Qxe5 14. Bb5+
Kf8 15. Ba3 Qc7 16. Rfd1 g6 17. Bf1 Bxa3 18. Qxa3+ Kg7 19. c4 Bd7 20. Qb2+ f6
21. a4 a5 22. Rd2 Rad8 23. Rad1 Bc6 24. Qc2 Rxd2 25. Rxd2 Rd8 26. Rxd8 Qxd8 27.
c5 Qd4 28. Qc4 Qxc4 29. Bxc4 Bxa4 30. Bxe6 f5 31. f4 Kf6 32. Bg8 Be8 33. Kf2
Bf7 0-1

[Event "II. CLANSKA LIGA ZAHOD 2021"]
[Site "Komenda"]
[Date "2021.12.04"]
[Round "6.4"]
[White "Marinko, Peter"]
[Black "Krivec, Metod"]
[Result "1-0"]
[WhiteElo "1825"]
[BlackElo "1760"]
[PlyCount "91"]
[EventDate "2021.12.04"]
[WhiteTeam "SK LJUBLJANA"]
[BlackTeam "SD RADOVLJICA"]

1. d4 g6 2. e4 d6 3. c4 Bg7 4. Be2 e5 5. Be3 Nc6 6. d5 Nce7 7. g4 f5 8. gxf5
gxf5 9. Bh5+ Ng6 10. exf5 Bxf5 11. Ne2 Qh4 12. Ng3 N8e7 13. Nd2 O-O 14. Qe2 Nf4
15. Nf3 Qf6 16. Qd2 Ng2+ 17. Ke2 Nxe3 18. fxe3 Bg6 19. Raf1 Bh6 20. Rhg1 Kh8
21. h4 Nf5 22. Bxg6 Nxg3+ 23. Rxg3 hxg6 24. Rgg1 Qg7 25. h5 g5 26. Nh2 Rxf1 27.
Rxf1 b6 28. Ng4 Rf8 29. b4 Rxf1 30. Kxf1 Qf7+ 31. Qf2 Qxh5 32. Qg2 Kg7 33. Ke2
Qf7 34. Qh3 Qg6 35. Qf3 Kh8 36. Qf6+ Kh7 37. Qe7+ Bg7 38. Kf3 Qf5+ 39. Kg3 e4
40. Qe6 Qf3+ 41. Kh2 Qe2+ 42. Kg1 Qxc4 43. Qf7 Qc1+ 44. Kh2 Qd2+ 45. Kh3 Qd3
46. Nf6+ 1-0

[Event "II. CLANSKA LIGA ZAHOD 2021"]
[Site "Komenda"]
[Date "2021.12.04"]
[Round "6.5"]
[White "Torkar, Boris"]
[Black "Borstar, Dusan"]
[Result "1-0"]
[WhiteElo "1802"]
[BlackElo "1681"]
[PlyCount "139"]
[EventDate "2021.12.04"]
[WhiteTeam "SD RADOVLJICA"]
[BlackTeam "SK LJUBLJANA"]

1. d4 Nf6 2. c4 c6 3. Nf3 d5 4. e3 e6 5. Be2 dxc4 6. Bxc4 b5 7. Be2 Bb7 8. O-O
a6 9. a3 Nbd7 10. b3 c5 11. Bb2 Rc8 12. Nbd2 Qb6 13. Rc1 Bd5 14. dxc5 Rxc5 15.
Bd4 Rxc1 16. Qxc1 Qb7 17. a4 Bd6 18. axb5 axb5 19. Qb2 Ke7 20. Rc1 Ra8 21. Ra1
Rxa1+ 22. Qxa1 Bb4 23. Bc3 Bd6 24. Bf1 g6 25. h3 h6 26. b4 Ne4 27. Nxe4 Bxe4
28. Nd4 Bb8 29. Nxb5 Bxg2 30. Bxg2 Qxb5 31. Qf1 Qb6 32. Qc4 Qd6 33. b5 Qd1+ 34.
Qf1 Qd6 35. Qb1 Ba7 36. Bc6 Bc5 37. Qe4 Qd1+ 38. Kg2 h5 39. Qh4+ Ke8 40. Ba5
Be7 41. Qc4 Bd6 42. b6 Qb1 43. b7 Ke7 44. Bxd7 Qxb7+ 45. Bc6 Qb1 46. Qb5 Qxb5
47. Bxb5 Be5 48. Bb4+ Kf6 49. Bc5 Bc7 50. Bd4+ Ke7 51. Kf3 f6 52. Bc3 Bd6 53.
Bd3 Kf7 54. Kg2 Kg7 55. f3 e5 56. e4 Bc5 57. Bd2 g5 58. Kf1 Kf7 59. Ke2 Ke6 60.
Be3 Be7 61. Kd1 Kd6 62. Kc2 Kc6 63. Kb3 Bd6 64. Bd2 Be7 65. Bb4 Bd8 66. Bc4 Kb6
67. Bf8 Kc6 68. Be6 Kb5 69. Bd7+ Kb6 70. Bd6 1-0